00534nam a22001457a 4500003000900000005001700009008004100026040001300067100002600080245004900106260004000155300002100195490003500216520013700251IT-RoPau20220918181109.0130626b xxu||||| |||| 00| 0 eng d cIT-RoPau aDelpogetto, Fortunato aFiori di campagna III. Santa Giovanna d'Arco aAlbano L.bEdizioni "S.Paolo"c1994 a128 pp.c16,5 cm aEdizioni "S.Paolo"vIII° Vol. aIndice Prefazione Presentazione I. Vita Pastorale II. Vita Eroica III. Verso il Martirio IV. Glorificazione Preghiere Varie cartine